Vánoce : malé zvuky /

Knížka s kartonovými listy a zvukovými efekty pro společné čtení a prohlížení v čase vánočním.

Hlavní autor: Taplin, Sam
Korporativní autor: Svojtka & Co. (nakladatelství)
Další autoři: Rooks, Jo, Vyskočil, Josef
Jazyk: Čeština
Vydáno: Praha : Svojtka & Co., 2023
Vydání: První české vydání
Témata:
Fyzický popis: 12 nečíslovaných stran : barevné ilustrace ; 17 cm
Knihy
Uloženo v:
LEADER 02207cam a2200601 i 4500
001 nkc20233553875
003 CZ PrNK
005 20260511092656.0
007 ta
008 231009s2023 xr a a 000 j cze d
015 |a cnb003553875 
020 |a 978-80-256-3385-4  |q (vázáno) 
035 |a (OCoLC)1408816838 
040 |a PVG001  |b cze  |d ABG001  |d BOA001  |d ABA001  |e rda 
041 1 |a cze  |h eng 
072 7 |a 821-93  |x Literatura pro děti a mládež (beletrie)  |2 Konspekt  |9 26 
080 |a 821-32  |2 MRF 
080 |a 821-93  |2 MRF 
080 |a (0:82-32)  |2 MRF 
080 |a (0.025.2)  |2 MRF 
080 |a (086.7)  |2 MRF 
100 1 |a Taplin, Sam  |7 xx0005687  |4 aut 
240 0 0 |a Christmas sound book.  |l Česky 
245 1 0 |a Vánoce :  |b malé zvuky /  |c text Sam Taplin ; ilustrace Jo Rooks 
246 3 |a Malé zvuky - Vánoce 
250 |a První české vydání 
264 1 |a Praha :  |b Svojtka & Co.,  |c 2023 
300 |a 12 nečíslovaných stran :  |b barevné ilustrace ;  |c 17 cm 
336 |a text  |b txt  |2 rdacontent 
336 |a statický obraz  |b sti  |2 rdacontent 
337 |a bez média  |b n  |2 rdamedia 
338 |a svazek  |b nc  |2 rdacarrier 
500 |a Z angličtiny přeložil Josef Vyskočil 
500 |a Kartonové listy se zvukovými tlačítky a zvukovým modulem na konci knihy 
520 2 |a Knížka s kartonovými listy a zvukovými efekty pro společné čtení a prohlížení v čase vánočním. 
521 8 |a Pro děti od 3 let 
655 7 |a příběhy  |7 fd133204  |2 czenas 
655 7 |a leporela  |7 fd132727  |2 czenas 
655 7 |a knihy se zvuky  |7 fd1130738  |2 czenas 
655 7 |a publikace pro děti  |7 fd133156  |2 czenas 
655 9 |a stories  |2 eczenas 
655 9 |a folding picture-books  |2 eczenas 
655 9 |a play and sound books  |2 eczenas 
655 9 |a children's literature  |2 eczenas 
700 1 |a Rooks, Jo  |7 xx0308040  |4 ill 
700 1 |a Vyskočil, Josef  |7 ola2002106761  |4 trl 
710 2 |a Svojtka & Co. (nakladatelství)  |7 ko20251261577  |4 pbl 
910 2 |a BOA001  |b 1-1515.366 
920 |a 4885347  |z ABG001 
990 |a BK 
995 |a 01 
991 |b 202310  |c NOV 
996 6 |b 2610951021  |c 1-1515.366  |l MZK  |r Sklad / do 1 hodiny  |n 0  |p p.v.  |w 001941378  |u 000010  |a 1  |e BOA001  |j MZK50  |s P